Statistics for Countries and Capitals Starting With C - Two Minute Sprint

Click here to take the quiz!

General Stats

  • This quiz has been taken 67 times
  • The average score is 15 of 27

Answer Stats

country/capital% Correct
China
85%
Canada
83%
Colombia
83%
Chile
81%
Comoros
79%
Czechia
79%
Costa Rica
73%
Cambodia
71%
Central African Republic
71%
Chad
67%
Cuba
67%
Cameroon
65%
Croatia
65%
Caracas
60%
Cyprus
60%
Cairo
58%
Copenhagen
52%
Cabo Verde
48%
Canberra
46%
Castries
46%
Conakry
44%
Côte d’Ivoire
31%
Chișinău
27%
Colombo
21%
Cotonou
8%
Curaçao
6%
Cook Islands
4%

Score Distribution

Percentile by Number Answered

Percent of People with Each Score

Your Score History

You have not taken this quiz